00824nam a22002297a 450000100060000000300080000600500170001400800410003103500190007204000260009104100080011708200240012510000240014924500990017326000480027230000310032050400190035165000500037094200120042099900170043295201450044935397BD-RjUL20211209052320.0140524s1979 enk||||| |||| 001 0 eng d a(BD-RjUL)35491 aBD-RjULbengcBD-RjUL aeng a309.15404bMAW 19791 a Madan G R9107799 aWestern sociologists on Indian society :b Marx, Spencer, Weber, Durkheim, Pareto /cG R Madan aLondon :b Routledge & Kegan Paul, c1979. avii, 398, 15 p. ;c 23 cm. aIncludes Index a India -- Social conditions -- 1947- 9107800 2ddccBK c35397d35397 00102ddc40718NFICaRUCLbRUCLcReadingd1983-05-12eHeffer & Sonsg9.95l0o309.15404 MAW 1979r2014-05-24 00:00:00tC-1w2014-05-24yBK